000 00330nam a2200133 i 4500
001 bg
100 1 _aWAWRZYNKIEWICZ, Z.
245 0 _aZbiór zadań z geometrii wykreślnej.
_nCz.1 /
_cZ. Wawrzynkiewicz.
260 _aOpole,
_c1983.
040 _cBPK
041 _apol
942 _cKS
008 s pl f |000 0 pol
999 _c22092
_d22092
856 _uhttp://koha.tu.koszalin.pl/cgi-bin/koha/opac-detail.pl?biblionumber=22092
_yKatalog online BPK